00417 2200157 4500001002100000008004100021035002000062245005300082100002100135260002500156300002200181020002200203084001400225082000800239990001200247INLIS000000000002785 IND  a0010-0925000132 aGuru, Hidupmu Hanya Untuk KamicEidelweis Almira aEidelweis Almira aJakartabZettuc2013 a186c(13 x 19 cm) a978-602-7735-49-1 a813 EID g a813 a0755007